| 000 | 00597nam a22001937a 4500 | ||
|---|---|---|---|
| 005 | 20251108170911.0 | ||
| 008 | 250721s9999 xx 000 0 ara d | ||
| 082 | 1 | 4 | _aط/372.5 |
| 100 | 1 | _aخليفة، حلمي | |
| 245 | 1 | 0 | _aبلبل و مشمشه و الهوايات / |
| 264 | 1 |
_aالقاهرة : _bالمركز العربي، _c[199-]. |
|
| 300 | _a[6] ص. مص. | ||
| 490 | 0 | _aاضحك و لون | |
| 650 | 1 | 7 | _aالتلوين |
| 650 | 1 | 7 | _aالتعليم قبل المدرسة |
| 653 | _aأطفال ما قبل المدرسة (0-15 سنة) | ||
| 942 |
_2ddc _cBK |
||
| 999 |
_c51678 _d51678 |
||